پر و فيسر لطف الر حمن فن ا و ر شخصيت (Record no. 180999)

MARC details
000 -LEADER
fixed length control field 00704nam a22001937a 4500
005 - DATE AND TIME OF LATEST TRANSACTION
control field 20210825130517.0
010 ## - LCCN (DPL NO)
LC control number UR-11210
020 ## - INTERNATIONAL STANDARD BOOK NUMBER
Terms of availability 350.00
International Standard Book Number 9789387884427
035 ## - SYSTEM CONTROL NUMBER
System control number U-9765
037 ## - SOURCE OF ACQUISITION
Source of stock number/acquisition DBAD/PUB
082 ## - DEWEY DECIMAL CLASSIFICATION NUMBER
Classification number 921.8
100 ## - MAIN ENTRY--PERSONAL NAME
Personal name ظفر عبد الر ؤ ف ر حما نی
245 ## - TITLE STATEMENT
Title پر و فيسر لطف الر حمن فن ا و ر شخصيت
Statement of responsibility, etc ظفر عبد الر ؤ ف ر حما نی
246 ## - VARYING FORM OF TITLE
Title proper/short title Prof. Lutfur Rahman: Fann Aur Shakhsiyat (Urdu)
Remainder of title by Zafar Abdur Rahmani
260 ## - PUBLICATION, DISTRIBUTION, ETC. (IMPRINT)
Place of publication, distribution, etc Delhi
Date of publication, distribution, etc 2018 ء
Name of publisher, distributor, etc Creatyve Star Publications
270 ## - ADDRESS
Address Jamia Nagar,
City New Delhi
Postal code 25
Fax number 8851148278
300 ## - PHYSICAL DESCRIPTION
Extent 512 ص
Dimensions 22 Cm(Hb)
942 ## - ADDED ENTRY ELEMENTS (KOHA)
Source of classification or shelving scheme Dewey Decimal Classification
Item type Urdu Bks
Classification part 921.8
Call number suffix ل ط ف
Holdings
Withdrawn status Lost status Not for loan Collection code Home library Current library Date acquired Source of acquisition Cost, normal purchase price Full call number Barcode Copy number Cost, replacement price Koha item type
      Non-fiction Central Library Central Library 25/08/2021 DBAD/PUB 350.00 921.8 ل ط ف U-9765 1 350.00 Urdu Bks

© Delhi Public Library
Hit Counter
free hit counter